<?xml version="1.0" encoding="UTF-8"?>
<marc:record xmlns:marc="http://www.loc.gov/MARC21/slim">
   <marc:leader>00000nam a2200000 a 4500</marc:leader>
   <marc:datafield ind1="1" ind2=" " tag="100">
      <marc:subfield code="a">Pohl, Romy</marc:subfield>
      <marc:subfield code="4">aut</marc:subfield>
      <marc:subfield code="e">Verfasser/-in</marc:subfield>
   </marc:datafield>
   <marc:datafield ind1="0" ind2="0" tag="245">
      <marc:subfield code="a">Mammut Allmut will auch!</marc:subfield>
   </marc:datafield>
   <marc:datafield ind1=" " ind2="1" tag="264">
      <marc:subfield code="b">Arena</marc:subfield>
      <marc:subfield code="c">2026</marc:subfield>
   </marc:datafield>
   <marc:datafield ind1="1" ind2=" " tag="520">
      <marc:subfield code="a">Mammutmädchen Allmut traut sich nicht viel zu. Wie aber auch, bei so einer Superfamilie mit ihren beeindruckenden Superkräften?
Widder Willi und Hörnchen wollen Allmut helfen. Aber bei der Vorstellung des berühmten Mammut-Zirkus kriegt sogar Willi Muffensausen angesichts der tollkühnen Kunststücke von Allmuts Verwandtschaft. Zum Glück ist da noch ihre geduldige Oma Großmut. Sie vertraut darauf, dass Allmut ihren Platz im Leben schon finden wird.
Im Moment der größten Not und mit dem Zuspruch von Willi und Hörnchen, entdeckt Allmut die Kraft, die in ihr steckt, und ihren ganz eigenen Zauber.
(Quelle: Verlagstext)</marc:subfield>
   </marc:datafield>
   <marc:datafield ind1=" " ind2=" " tag="020">
      <marc:subfield code="a">9783401721125</marc:subfield>
      <marc:subfield code="9">9783401721125</marc:subfield>
   </marc:datafield>
</marc:record>
